Evénements du 9 octobre - Statistiques

Statistiques générales
  • Ce quiz a été pris 30 fois
  • Le résultat moyen est 8 sur 15
Statistiques - réponses
Hint Réponse % Correct
Louis XIV épouse secrètement Madame de Maintenon 1683
88%
Fondation de Lyon - 43
76%
Indépendance de l'Ouganda 1962
72%
Naissance du capitaine Dreyfus 1859
68%
La Corée-du-Nord réussit son 1er essai nucléaire 2006
68%
Maud Fontenoy achève sa traversée de l'océan Atlantique à la rame 2003
64%
Andrei Sakharov reçoit e prix Nobel de la paix 1975
56%
Naissance du compositeur Camille Saint-Saëns 1835
52%
Début du siège de Sébastopol 1854
52%
1er vol de Clément Ader 1890
52%
Fondation de l'ENA 1945
52%
Naissance de Charles X 1757
48%
Construction de l'horloge astronomique de Prague 1410
44%
1ère représentation de Topaze 1928
40%
La Suède abolit l'esclavage à St Barthélémy 1847
16%
Aucun quiz correspondant
Distribution des résultats
% des personnes avec chaque résultat
Percentile par nombre de réponses
Votre historique - résultats
Vous n’avez pas pris ce quiz